Campus: methode de francais: 1

Guardat en:
Dades bibliogràfiques
Autor principal: GIRARDET, Jacky PECHEUR, Jacques
Format: Llibre
Idioma:anglès
Publicat: CLE International 2002
Etiquetes: Afegir etiqueta
Sense etiquetes, Sigues el primer a etiquetar aquest registre!

MARC

LEADER 00000nam a22000007a 4500
008 230613b |||||||| |||| 00| 0 eng d
020 |a 0618350292 
100 |a GIRARDET, Jacky  |a PECHEUR, Jacques 
245 |a Campus: methode de francais: 1  |c  / Jacky Girardet, Jacques Pecheur  |g 191p. 
260 |b CLE International  |c 2002  |h Paris  |i 653546  |l PC2112.G31  |m French language .  |m French language - Study and teaching.  |m French language - Study and teaching - Grammar.  |m French language - Study and teaching - Verb. 
942 |a lcc  |c BK  |e A.R. Akinniyi  |f 13:6:23. 
952 |0 0  |1 0  |2 lcc  |4 0  |6 PC2112 G31  |7 0  |9 4233  |a HOL  |b HOL  |c LP  |d 2023-06-13  |l 0  |o PC2112.G31  |p 2023-0162  |r 2023-06-13 00:00:00  |t 653546  |w 2023-06-13  |y BK 
999 |c 2124  |d 2124